000 00403 a2200133 4500
003 OSt
005 20260204161204.0
008 260204b |||||||| |||| 00| 0 eng d
100 _aटोळ द.
_9216612
245 _aसंस्कार कथा
260 _bभारतीय विचार साधना प्रकाशन
_c2007
_aपुणे
300 _a63pp.
942 _cBK
_2ddc
999 _c370169
_d370169